| 000 | 00714nam a2200265Ia 4500 | ||
|---|---|---|---|
| 001 | Para_1517 | ||
| 003 | CHAP | ||
| 008 | 220125s1989 xx 000 0 und d | ||
| 010 | _a200251 | ||
| 040 | _cCHAP | ||
| 082 | _aPA 634.96 S6 | ||
| 100 |
_aSpeight, Martin K. _9165127 |
||
| 245 |
_aEcoloy and management of forest insects / _c by Martin K. Speight and David Wainhouse |
||
| 260 |
_aOxford : _b Clarendon |
||
| 300 | _a374 p | ||
| 650 |
_aArboles _x plagas _982440 |
||
| 700 |
_aWainhouse, David _9120809 |
||
| 901 | _aPA 634.96 S6 | ||
| 902 | _aA | ||
| 905 | _a0000001989 ia 0000000000 00 | ||
| 910 | _a1989 | ||
| 942 | _cPARA | ||
| 942 |
_cPARA _d1 |
||
| 999 |
_c200251 _d200251 |
||